[Event "Moscow Open C University Men"]
[Site "Moscow RUS"]
[Date "2011.01.31"]
[Round "3.11"]
[White "Shukh, Nikolai"]
[Black "Gutenev, Alexander"]
[Result "1-0"]
[WhiteTitle "IM"]
[BlackTitle "FM"]
[WhiteElo "2442"]
[BlackElo "2328"]
[WhiteFideId "24102580"]
[BlackFideId "4195540"]
[EventDate "2011.01.29"]

1. e4 c5 2. Nf3 Nc6 3. d4 cxd4 4. Nxd4 Nf6 5. Nc3 d6 6. Bg5 e6 7. Qd2 a6 8.
O-O-O Bd7 9. f3 b5 10. Nxc6 Bxc6 11. Ne2 Qb6 12. Nd4 Bb7 13. g4 Be7 14. h4 Rc8
15. Bd3 Nd7 16. Bxe7 Kxe7 17. Be2 Rhd8 18. h5 Qc5 19. Nb3 Qc7 20. h6 g6 21. Kb1
Ne5 22. Rc1 Nc4 23. Qe1 Kf8 24. Nd2 d5 25. exd5 Nxd2+ 26. Qxd2 Bxd5 27. Qg5 Qa5
28. b3 Qc3 29. Rhd1 f6 30. Qf4 Ke7 31. Rd3 Qc7 32. Qb4+ Qc5 33. Qd2 Rd7 34. g5
f5 35. f4 Rd6 36. Rd1 Rcd8 37. Rc3 Qb6 38. Qd4 Qxd4 39. Rxd4 Be4 40. Rc7+ Kf8
41. Rxd6 Rxd6 42. Rxh7 Rd2 43. Bd3 e5 44. fxe5 Bxd3 45. cxd3 f4 46. e6 Re2 47.
Rf7+ Kg8 48. h7+ 1-0

[Event "Moscow Open C University Men"]
[Site "Moscow RUS"]
[Date "2011.01.31"]
[Round "3.12"]
[White "Dimukhametov, Artur"]
[Black "Vetryansky, Vladimir"]
[Result "1-0"]
[WhiteTitle "FM"]
[WhiteElo "2354"]
[BlackElo "2244"]
[WhiteFideId "4195680"]
[BlackFideId "24118613"]
[EventDate "2011.01.29"]

1. d4 d5 2. c4 e6 3. Nc3 Be7 4. Nf3 Nf6 5. cxd5 exd5 6. Bf4 O-O 7. e3 c6 8. h3
Bf5 9. g4 Bg6 10. Ne5 Qb6 11. Nxg6 hxg6 12. Qc2 Nbd7 13. O-O-O Qa5 14. h4 b5 15.
g5 Nh5 16. Kb1 b4 17. Na4 Nb6 18. Nc5 Bxc5 19. dxc5 b3 20. axb3 Nxf4 21. exf4
Nd7 22. Rc1 Qb4 23. h5 gxh5 24. Rxh5 f5 25. g6 Qxf4 26. Bd3 Ne5 27. Bxf5 Rf6 28.
Rch1 Kf8 29. Rh8+ Ke7 30. Rxa8 Rxf5 31. Rxa7+ Kf6 32. Rh7 Rg5 33. Rhxg7 Rg1+ 34.
Ka2 Kg5 35. Raf7 Nd3 36. Rxf4 1-0

[Event "Moscow Open C University Men"]
[Site "Moscow RUS"]
[Date "2011.01.31"]
[Round "3.13"]
[White "Omariev, Maksim"]
[Black "Barsamian, Eduard"]
[Result "1/2-1/2"]
[WhiteTitle "FM"]
[WhiteElo "2335"]
[BlackElo "2213"]
[WhiteFideId "4193423"]
[BlackFideId "24102016"]
[EventDate "2011.01.29"]

1. e4 c6 2. d4 d5 3. Nc3 dxe4 4. Nxe4 Bf5 5. Ng3 Bg6 6. h4 h6 7. Nf3 Nd7 8. h5
Bh7 9. Bd3 Bxd3 10. Qxd3 e6 11. Bd2 Ngf6 12. O-O-O Be7 13. Ne4 Nxe4 14. Qxe4 Nf6
15. Qe2 Qd5 16. c4 Qe4 17. Qxe4 Nxe4 18. Be3 f5 19. Nd2 O-O-O 20. Nxe4 fxe4 21.
Rh3 Rhf8 22. Rg3 Bh4 23. Rxg7 Bxf2 24. Kd2 Rg8 25. Rxg8 Bxe3+ 26. Kxe3 Rxg8 27.
Rd2 Rg5 28. Kxe4 Rxh5 29. Rf2 Rg5 30. b4 Kc7 31. c5 a6 32. a4 Kd7 33. Rf7+ Kc8
34. Rf8+ Kd7 35. Rf7+ Kc8 1/2-1/2

[Event "Moscow Open C University Men"]
[Site "Moscow RUS"]
[Date "2011.01.31"]
[Round "3.14"]
[White "Shlegin, Stanislav"]
[Black "Kretov, Evgueij"]
[Result "1-0"]
[WhiteTitle "FM"]
[WhiteElo "2326"]
[BlackElo "2210"]
[WhiteFideId "24112089"]
[BlackFideId "4167821"]
[EventDate "2011.01.29"]

1. e4 c5 2. Nf3 Nc6 3. c3 d5 4. exd5 Qxd5 5. d4 g6 6. Na3 Bg4 7. Bc4 Qe4+ 8. Be3
cxd4 9. cxd4 e6 10. O-O Nf6 11. Nb5 Rc8 12. Re1 Bxf3 13. gxf3 Qh4 14. Qc1 h6 15.
Bf4 Bb4 16. Nd6+ Bxd6 17. Bxd6 Nxd4 18. Bb5+ Kd8 19. Qd1 Nxb5 20. Bg3+ Qd4 21.
Be5 Qxd1 22. Bxf6+ Kc7 23. Rexd1 a5 24. Rac1+ Kb6 25. a4 Na7 26. Bd4+ Ka6 27.
Bxh8 Rxh8 28. Rc7 Rf8 29. Rdd7 Nc6 30. Rxf7 Rd8 31. Rcd7 1-0

[Event "Moscow Open C University Men"]
[Site "Moscow RUS"]
[Date "2011.01.31"]
[Round "3.15"]
[White "Chizhikov, Vladislav"]
[Black "Krivenko, Sergey"]
[Result "0-1"]
[WhiteElo "2225"]
[BlackElo "2326"]
[WhiteFideId "4178157"]
[BlackFideId "24124753"]
[EventDate "2011.01.29"]

1. e4 c5 2. Nf3 d6 3. d4 cxd4 4. Nxd4 Nf6 5. Nc3 a6 6. Be3 e6 7. f3 b5 8. Qd2
Bb7 9. O-O-O Nbd7 10. g4 Nb6 11. Qf2 Nfd7 12. Kb1 Rc8 13. Nce2 Nc4 14. Bc1 Qc7
15. Ng3 g6 16. h4 Bg7 17. b3 Ncb6 18. Bxb5 e5 19. Bxd7+ Nxd7 20. Ndf5 gxf5 21.
Nxf5 Bf8 22. c4 Nc5 23. Bb2 a5 24. Qe3 Rd8 25. Rh2 Bc8 26. Rhd2 f6 27. Ba3 Nb7
28. Ng3 d5 29. Bxf8 d4 30. Qh6 Rxf8 31. Nh5 Qf7 32. g5 fxg5 33. hxg5 Qg6 34.
Qxg6+ hxg6 35. Nf6+ Ke7 36. f4 exf4 37. Nd5+ Kd6 38. Rxd4 Ke5 39. R4d2 f3 40.
Rf2 Nc5 41. Rdf1 Nxe4 42. Re1 Kd4 43. Rc2 f2 44. Rd1+ Ke5 45. Rf1 Bh3 46. Ne7
Bxf1 47. Nc6+ Kf4 0-1

[Event "Moscow Open C University Men"]
[Site "Moscow RUS"]
[Date "2011.01.31"]
[Round "3.16"]
[White "Rakhimgaliyev, Yerlan"]
[Black "Borisovsky, Viktor"]
[Result "1-0"]
[WhiteTitle "FM"]
[WhiteElo "2320"]
[BlackElo "2118"]
[WhiteFideId "13705148"]
[BlackFideId "24131768"]
[EventDate "2011.01.29"]

1. e4 c5 2. c3 d5 3. exd5 Qxd5 4. d4 Nf6 5. Nf3 Bg4 6. Be2 e6 7. O-O Nc6 8. h3
Bh5 9. Na3 Rc8 10. Nc2 Be7 11. dxc5 Bxc5 12. Be3 Be7 13. Nfd4 Bxe2 14. Qxe2 Ne5
15. Rad1 Qc4 16. Rfe1 O-O 17. Bg5 Ng6 18. Qxc4 Rxc4 19. Ne3 Rc5 20. Nf3 h6 21.
Bxf6 Bxf6 22. Ng4 Rfc8 23. Nxf6+ gxf6 24. Re4 a5 25. Red4 Rb5 26. R1d2 Kg7 27.
Rd7 a4 28. a3 e5 29. g3 Rc6 30. Rc2 h5 31. h4 Rcb6 32. Rdd2 Nf8 33. Ne1 Rc6 34.
Nd3 Rd5 35. Nb4 Rxd2 36. Rxd2 Rc7 37. Rd5 Rd7 38. Rb5 Rd2 39. Nd5 Ne6 40. Ne3
Rd7 41. Kf1 Rc7 42. Ke2 Kg6 43. Ra5 Rd7 44. Rxa4 Nc5 45. Rb4 f5 46. Rb6+ f6 47.
Nc4 Kg7 48. Na5 Kg6 49. Rb5 Ne4 50. Nb3 Rc7 51. Rb6 Rd7 52. a4 Rc7 53. a5 Rd7
54. Ke3 Rc7 55. Nd2 Nc5 56. Nc4 Nd7 57. Rb4 Nc5 58. Nd6 Rd7 59. Rb5 Na6 60. Nxb7
Nc7 61. Rb3 f4+ 62. Ke2 fxg3 63. fxg3 Rd5 64. c4 Rd4 65. Rc3 f5 66. b4 1-0

[Event "Moscow Open C University Men"]
[Site "Moscow RUS"]
[Date "2011.01.31"]
[Round "3.17"]
[White "Kurukin, Dmitry"]
[Black "Kartsev, Sergei"]
[Result "1-0"]
[WhiteElo "2313"]
[BlackElo "2112"]
[WhiteFideId "24113174"]
[BlackFideId "24103853"]
[EventDate "2011.01.29"]

1. d4 d5 2. c4 c6 3. Nc3 Nf6 4. Nf3 dxc4 5. a4 Bf5 6. Ne5 Nbd7 7. Nxc4 Nb6 8.
Ne5 a5 9. f3 Nfd7 10. Nxd7 Bxd7 11. e4 e5 12. Be3 exd4 13. Qxd4 c5 14. Qe5+ Qe7
15. Qc7 Qf6 16. O-O-O Be7 17. Rxd7 Nxd7 18. Bb5 O-O 19. Nd5 Qd6 20. Qxd7 Qxd7
21. Bxd7 Bd6 22. g4 Rfd8 23. Bb5 Be5 24. Kc2 g6 25. Bc4 Kg7 26. f4 Bd4 27. Bxd4+
cxd4 28. Kd3 Rac8 29. Kxd4 Rc6 30. h4 h5 31. g5 Kf8 32. Rh3 Rdc8 33. b3 Rd8 34.
Rf3 Re6 35. Rc3 Red6 36. Bb5 f5 37. gxf6 Rxf6 38. Ke5 1-0

[Event "Moscow Open C University Men"]
[Site "Moscow RUS"]
[Date "2011.01.31"]
[Round "3.18"]
[White "Piskun, Alexey"]
[Black "Koreschikov, Maxim"]
[Result "1/2-1/2"]
[BlackTitle "FM"]
[WhiteElo "2213"]
[BlackElo "2309"]
[WhiteFideId "24105511"]
[BlackFideId "24103900"]
[EventDate "2011.01.29"]

1. e4 g6 2. d4 Bg7 3. Nf3 d6 4. Be2 c6 5. c4 Bg4 6. Be3 Bxf3 7. Bxf3 Qb6 8. Qb3
Nd7 9. Qxb6 Nxb6 10. Nd2 c5 11. dxc5 dxc5 12. Bxc5 Bxb2 13. Rb1 Na4 14. Be3 Bc3
15. Rxb7 Nb6 16. O-O Bxd2 17. Bxd2 O-O-O 18. Bc3 Kxb7 19. Bxh8 f6 20. e5+ Kc7
21. Rd1 Rb8 22. exf6 Nxf6 23. Bxf6 exf6 24. h4 Nd7 25. Rd2 Rb1+ 26. Kh2 Rc1 27.
Bd5 h6 28. Be6 Ne5 29. f4 Nxc4 30. Rd7+ Kb6 31. Rg7 g5 32. fxg5 fxg5 33. hxg5
hxg5 34. Rxg5 Nd2 35. Rg8 Re1 36. Bd5 Kc5 37. Bf7 Re2 38. Re8 Rf2 39. Bh5 Nb1
40. Rc8+ Kd6 41. a4 Ra2 42. Bg6 Nd2 43. Be8 Ke7 44. Ra8 Nf3+ 45. Kh3 Ng5+ 46.
Kg3 Ne4+ 47. Kf4 Nc5 48. g4 Nxa4 49. Bh5 Nc5 50. Re8+ Kd7 51. Kf5 Ne6 52. Ra8
Ke7 53. Re8+ Kd7 54. Rb8 Rf2+ 55. Kg6 a5 56. Ra8 1/2-1/2

[Event "Moscow Open C University Men"]
[Site "Moscow RUS"]
[Date "2011.01.31"]
[Round "3.19"]
[White "Seliverstov, Vladimir"]
[Black "Guseinov, Djelal"]
[Result "1-0"]
[WhiteTitle "FM"]
[WhiteElo "2304"]
[BlackElo "1997"]
[WhiteFideId "4192036"]
[BlackFideId "4106571"]
[EventDate "2011.01.29"]

1. d4 Nf6 2. c4 g6 3. Nc3 Bg7 4. e4 d6 5. Nf3 O-O 6. Be2 e5 7. O-O Nc6 8. Be3
Ng4 9. Bg5 f6 10. Bh4 g5 11. Bg3 Nh6 12. d5 Ne7 13. Nd2 Ng6 14. Rc1 c5 15. dxc6
bxc6 16. c5 Be6 17. cxd6 Qxd6 18. Nc4 Qc7 19. Qa4 Ne7 20. Na5 Rfd8 21. Nd5 Rxd5
22. exd5 Bxd5 23. Bc4 Qd6 24. Nxc6 Nxc6 25. Bxd5+ Qxd5 1-0

[Event "Moscow Open C University Men"]
[Site "Moscow RUS"]
[Date "2011.01.31"]
[Round "3.20"]
[White "Khmara, Maxim"]
[Black "Oganisjn, Roman"]
[Result "1-0"]
[WhiteElo "2132"]
[BlackElo "2293"]
[WhiteFideId "4177681"]
[BlackFideId "4153006"]
[EventDate "2011.01.29"]

1. e4 e6 2. d3 d5 3. Nd2 g6 4. Ngf3 Bg7 5. c3 Ne7 6. d4 O-O 7. Bd3 Nd7 8. e5 c5
9. b4 cxd4 10. cxd4 f6 11. exf6 Bxf6 12. Bb2 Qb6 13. b5 e5 14. dxe5 Nxe5 15.
Bxe5 Bxe5 16. Rb1 Bg4 17. O-O Bc7 18. h3 Bd7 19. Qb3 Rf7 20. Ng5 Rf4 21. g3 Rf6
22. Kg2 Raf8 23. Nde4 Rf5 24. f4 h6 25. Nf3 R5f7 26. Nc3 Qe6 27. Rh1 Bxf4 28.
gxf4 Rxf4 29. Be2 Nf5 30. Rbe1 Nh4+ 31. Nxh4 Rf2+ 32. Kg1 Qe3 33. Nd1 Rf1+ 34.
Kh2 Qe5+ 35. Kg2 Qe4+ 36. Bf3 Bxh3+ 37. Rxh3 Qxe1 38. Qxd5+ Rf7 39. Qd4 Kh7 40.
Qe3 Qxe3 41. Nxe3 Rb1 42. Be4 Rb2+ 43. Kg3 Rf6 44. a4 Re6 45. Bxg6+ Rxg6+ 46.
Nxg6 Rb3 47. Kf4 Kxg6 48. Rg3+ Kf7 49. Ke5 Ra3 50. Nf5 Rxa4 51. Rg7+ Kf8 52.
Rxb7 1-0

[Event "Moscow Open C University Men"]
[Site "Moscow RUS"]
[Date "2011.01.31"]
[Round "3.21"]
[White "Dusenov, Ruslan"]
[Black "Shikin, Sergey"]
[Result "1/2-1/2"]
[WhiteElo "2285"]
[BlackElo "1797"]
[WhiteFideId "4160770"]
[BlackFideId "4140060"]
[EventDate "2011.01.29"]

1. e4 c5 2. d4 cxd4 3. c3 dxc3 4. Nxc3 Nc6 5. Nf3 d6 6. Bc4 e6 7. O-O Nf6 8. Qe2
Be7 9. Rd1 e5 10. h3 O-O 11. Bg5 Be6 12. Bxe6 fxe6 13. Rac1 Rc8 14. b4 Nh5 15.
Be3 Nf4 16. Bxf4 exf4 17. b5 Na5 18. e5 d5 19. Nd4 f3 20. Nxf3 Ba3 21. Rc2 Qe7
22. Qd3 Nc4 23. Rb1 Kh8 24. Ne2 Bc5 25. Ned4 Bxd4 26. Qxd4 Nxe5 27. Rxc8 Nxf3+
28. gxf3 Rxc8 29. Qxa7 Qg5+ 30. Kh2 Qf4+ 31. Kg2 Qg5+ 32. Kh2 Qf4+ 33. Kg2 Qg5+
34. Kh2 1/2-1/2

[Event "Moscow Open C University Men"]
[Site "Moscow RUS"]
[Date "2011.01.31"]
[Round "3.22"]
[White "Tiukaev, Ilgiz"]
[Black "Rozhkov, Vecheslav"]
[Result "1/2-1/2"]
[WhiteElo "2117"]
[BlackElo "2268"]
[WhiteFideId "14201305"]
[BlackFideId "4181484"]
[EventDate "2011.01.29"]

1. e4 c5 2. Nf3 d6 3. d3 g6 4. g3 Bg7 5. Bg2 Nc6 6. O-O h5 7. c3 Ne5 8. Nxe5
dxe5 9. Be3 b6 10. Na3 h4 11. Qe2 hxg3 12. fxg3 Nf6 13. Bf3 Bh3 14. Rfd1 Qc8 15.
Kh1 Bg4 16. Nc4 Qe6 17. Bf2 Bxf3+ 18. Qxf3 Qh3 19. Qg2 Ng4 20. Bg1 Qh6 21. a4
Rd8 22. Qe2 Qg5 23. a5 b5 24. Nd2 a6 25. Nb3 Rc8 26. Rac1 Bf6 27. Rc2 Kf8 28.
Qf3 c4 29. dxc4 bxc4 30. Nc5 Kg7 31. Nxa6 Ra8 32. Nb4 Rxa5 33. Nd5 Rb8 34. h3 e6
35. Nb4 Rh8 36. Kg2 Nh6 37. Be3 Qh5 38. g4 Qh4 39. Bf2 Qg5 40. Be3 Qh4 1/2-1/2

[Event "Moscow Open C University Men"]
[Site "Moscow RUS"]
[Date "2011.01.31"]
[Round "3.23"]
[White "Yaksin, Oleg"]
[Black "Gureev, Dmitry"]
[Result "1-0"]
[WhiteElo "2410"]
[BlackElo "2038"]
[WhiteFideId "24105880"]
[BlackFideId "24144428"]
[EventDate "2011.01.29"]

1. d4 Nf6 2. c4 e6 3. g3 c5 4. Nf3 cxd4 5. Nxd4 Bb4+ 6. Bd2 Bc5 7. Nb3 Be7 8.
Bg2 Nc6 9. O-O O-O 10. Nc3 d5 11. cxd5 exd5 12. Bg5 Be6 13. Qd2 h6 14. Bxf6 Bxf6
15. Nxd5 Bxd5 16. Bxd5 Bxb2 17. Bxf7+ Rxf7 18. Qxb2 Qg5 19. Rae1 Re8 20. e4 h5
21. f4 Qg6 22. Qg2 Rfe7 23. e5 Qf5 24. Nc5 Nd8 25. Rd1 b6 26. Ne4 Nf7 27. Rd4
Rc8 28. Rfd1 Rec7 29. Nf2 Rc1 30. Qe4 Qe6 31. Rxc1 Rxc1+ 32. Kg2 Rc5 33. Rd2 Ra5
34. a4 g6 35. Qa8+ Kg7 36. Ne4 Nxe5 37. fxe5 Rxe5 38. Rf2 Qe7 39. Nf6 1-0

[Event "Moscow Open C University Men"]
[Site "Moscow RUS"]
[Date "2011.01.31"]
[Round "3.24"]
[White "Edzhibia, David"]
[Black "Shefer, Alexander"]
[Result "0-1"]
[WhiteElo "2054"]
[BlackElo "2202"]
[WhiteFideId "24109851"]
[BlackFideId "4198581"]
[EventDate "2011.01.29"]

1. e4 d5 2. exd5 Nf6 3. d4 Bg4 4. f3 Bf5 5. c4 e6 6. dxe6 Nc6 7. exf7+ Kxf7 8.
Be3 Bb4+ 9. Nc3 Re8 10. Kf2 Rxe3 11. Kxe3 Bc2 12. Qd2 Ng4+ 13. Kf4 Bd6+ 14. Kxg4
Qd7+ 15. Kh4 g5+ 16. Qxg5 Be7 17. Nh3 h6 18. Qxe7+ Qxe7+ 19. Kg3 Qe3 20. Nd5
Rg8+ 21. Kh4 Qxd4+ 22. g4 Ne5 23. Be2 Qxb2 24. Rhf1 Ng6+ 25. Kg3 Qe5+ 26. Nhf4
c6 0-1

[Event "Moscow Open C University Men"]
[Site "Moscow RUS"]
[Date "2011.01.31"]
[Round "3.25"]
[White "Myshkin, Nikita"]
[Black "Vorobjev, Dmitry"]
[Result "1/2-1/2"]
[WhiteElo "2174"]
[BlackElo "2154"]
[WhiteFideId "4124561"]
[BlackFideId "24112178"]
[EventDate "2011.01.29"]

1. d4 Nf6 2. c4 g6 3. Nf3 Bg7 4. g3 O-O 5. Bg2 d6 6. O-O Nc6 7. Nc3 a6 8. h3 Bd7
9. e4 e5 10. Be3 b5 11. cxb5 axb5 12. dxe5 dxe5 13. Nxb5 Nxe4 14. Ng5 Nf6 15.
Bc5 Re8 16. Qb3 Be6 17. Nxe6 Rxe6 18. Rfd1 Qb8 19. Na7 e4 20. Nxc6 Rxc6 21.
Qxb8+ Rxb8 22. Bd4 Re6 23. a4 Ne8 24. a5 Nd6 25. a6 Bxd4 26. Rxd4 Ra8 27. a7 Nb5
28. Rda4 c6 29. Ra6 Re7 30. Bf1 f5 31. b4 Rb7 32. Rxc6 Raxa7 33. Rd1 Na3 34. h4
Rxb4 35. h5 gxh5 36. Rd5 f4 37. Rg5+ Kf8 38. Rc8+ Kf7 39. Rf5+ Kg6 40. Rxf4 h6
41. Rxe4 Rxe4 42. Bd3 Nb5 43. Rc6+ Kf5 44. f3 Nd6 45. Rc5+ Ke6 46. Bxe4 Nxe4 47.
fxe4 Ra4 48. Rxh5 Rxe4 49. Rxh6+ Kf5 50. Kg2 Kg5 51. Rc6 Ra4 52. Kh3 Rb4 53.
Rc5+ Kg6 54. Re5 Ra4 55. Re8 Rb4 56. Rg8+ Kh7 57. Rg4 Rxg4 58. Kxg4 Kg6 1/2-1/2

[Event "Moscow Open C University Men"]
[Site "Moscow RUS"]
[Date "2011.01.31"]
[Round "3.26"]
[White "Babkin, Ivan"]
[Black "Dzhumaev, Almir"]
[Result "1/2-1/2"]
[WhiteElo "1953"]
[BlackElo "2226"]
[WhiteFideId "24142433"]
[BlackFideId "24169544"]
[EventDate "2011.01.29"]

1. d4 Nf6 2. Nc3 d5 3. Bg5 c5 4. e3 cxd4 5. exd4 Nc6 6. Nge2 Bg4 7. f3 Bf5 8. a3
e6 9. Qd2 h6 10. Bh4 a6 11. Bf2 Bh7 12. Nc1 Bd6 13. Bd3 Qc7 14. Bxh7 Nxh7 15. h3
Na5 16. Rb1 Nc4 17. Qd3 Rc8 18. N1e2 Nf6 19. O-O Nh5 20. Be3 Nf4 21. Nxf4 Bxf4
22. Bxf4 Qxf4 23. Rf2 O-O 24. Nd1 Rc6 25. c3 b5 26. Re2 Rfc8 27. Ne3 a5 28. Nxc4
Rxc4 29. Rc2 b4 30. axb4 axb4 31. Ra1 Qc7 32. Rac1 Qc6 33. f4 g6 34. Kf2 Kg7 35.
g3 Qb6 36. Ke3 bxc3 37. bxc3 f6 38. Kf3 Qb3 39. Kg2 Qa4 40. g4 Qc6 41. Kf2 Qc7
42. Qe3 Kf7 43. f5 gxf5 44. gxf5 exf5 45. Qxh6 Rg8 46. Qh7+ Rg7 47. Qh5+ Rg6 48.
Qh7+ Rg7 49. Qh5+ Rg6 1/2-1/2

[Event "Moscow Open C University Men"]
[Site "Moscow RUS"]
[Date "2011.01.31"]
[Round "3.27"]
[White "Anfinogenov, Artem"]
[Black "Kvasov, Sergey"]
[Result "1-0"]
[WhiteElo "2068"]
[BlackElo "1961"]
[WhiteFideId "4197461"]
[BlackFideId "24145939"]
[EventDate "2011.01.29"]

1. d4 f5 2. c4 e6 3. g3 Nf6 4. Bg2 d5 5. Nf3 c6 6. O-O Bd6 7. Nc3 O-O 8. Bf4
Bxf4 9. gxf4 Nbd7 10. Ne5 Ne4 11. Nxe4 fxe4 12. e3 Nxe5 13. fxe5 Qg5 14. Qe2 Bd7
15. f3 exf3 16. Rxf3 Rxf3 17. Qxf3 Rf8 18. Qg3 Qxg3 19. hxg3 dxc4 20. a4 Rc8 21.
a5 Rc7 22. Rc1 b5 23. axb6 axb6 24. Rxc4 Rc8 25. b4 Kf8 26. Rc2 Ke7 27. Be4 h6
28. Kf2 Be8 29. b5 c5 30. dxc5 Bxb5 31. cxb6 Rxc2+ 32. Bxc2 Bc6 33. Bb3 Kd7 34.
g4 g5 35. Bc4 Bb7 36. Ke2 Be4 37. Bb5+ Kd8 38. Bd3 Bc6 39. e4 Kc8 40. Ba6+ Bb7
41. Bc4 Bxe4 42. Ke3 Bg6 43. Kd4 h5 44. Bxe6+ Kb7 45. Kc5 hxg4 46. Bxg4 Be8 47.
e6 Bg6 48. e7 Be8 49. Bf3+ Kc8 50. Bc6 Bf7 51. e8=Q+ 1-0

[Event "Moscow Open C University Men"]
[Site "Moscow RUS"]
[Date "2011.01.31"]
[Round "3.28"]
[White "Isaev, Evgeny"]
[Black "Shvydkin, Pavel"]
[Result "0-1"]
[WhiteElo "1940"]
[BlackElo "2064"]
[WhiteFideId "4176383"]
[BlackFideId "24148849"]
[EventDate "2011.01.29"]

1. d4 d5 2. c4 c6 3. Nf3 Nf6 4. e3 e6 5. Bd3 Nbd7 6. Nbd2 Bd6 7. O-O O-O 8. e4
dxe4 9. Nxe4 Nxe4 10. Bxe4 h6 11. Bc2 e5 12. Qd3 f5 13. Qb3 c5 14. dxe5 Nxe5 15.
Bf4 Nf7 16. Rad1 Qf6 17. Bxd6 Nxd6 18. Rd5 b6 19. Qc3 Qxc3 20. bxc3 Ne4 21. Bxe4
fxe4 22. Ne5 Be6 23. Rd6 Rae8 24. Re1 Rf5 25. Ng4 Bc8 26. Red1 Kf8 27. Ne3 Rf6
28. Rd8 Ba6 29. R8d7 Rf7 30. Kf1 Bc8 31. Rxf7+ Kxf7 32. Ke2 Ba6 33. h3 Kf6 34.
Rd5 Re7 0-1

[Event "Moscow Open C University Men"]
[Site "Moscow RUS"]
[Date "2011.01.31"]
[Round "3.29"]
[White "Protasov, Alexey"]
[Black "Cherny, Oleg"]
[Result "1-0"]
[WhiteElo "1914"]
[BlackElo "2046"]
[WhiteFideId "24114561"]
[BlackFideId "24115886"]
[EventDate "2011.01.29"]

1. d4 d5 2. c4 e6 3. Nf3 Nf6 4. e3 Nbd7 5. Nc3 b6 6. cxd5 exd5 7. Bb5 Bb7 8. Ne5
Bd6 9. Qa4 a6 10. Bc6 b5 11. Qb3 Qc8 12. Nxd7 Bxc6 13. Nxf6+ gxf6 14. Nxd5 Qf5
15. Nf4 Bxf4 16. exf4 Bxg2 17. Rg1 Bd5 18. Qc3 O-O-O 19. Be3 Rd6 20. Qa3 Qh5 21.
b3 Qxh2 22. Kd2 Re8 23. Rac1 Rxe3 24. Kxe3 Re6+ 25. Kd3 Qxf2 26. Rg8+ Kb7 27.
Rxc7+ Kxc7 28. Qc5+ Bc6 29. Qa7+ Bb7 30. Qb8+ Kb6 31. Qd8+ Kc6 32. d5+ Kc5 33.
Qc7+ Kb4 34. dxe6 Be4+ 35. Kxe4 Qe2+ 36. Kd5 Qxe6+ 37. Kd4 Qe2 38. Qc5+ Ka5 39.
Qc3+ 1-0

[Event "Moscow Open C University Men"]
[Site "Moscow RUS"]
[Date "2011.01.31"]
[Round "3.30"]
[White "Kuzin, Sergey"]
[Black "Kyupriyski, Borislav"]
[Result "1-0"]
[WhiteElo "2028"]
[BlackElo "1922"]
[WhiteFideId "24124796"]
[BlackFideId "2910993"]
[EventDate "2011.01.29"]

1. d4 Nf6 2. c4 e6 3. Nf3 Bb4+ 4. Bd2 Qe7 5. Nc3 Bxc3 6. Bxc3 Ne4 7. e3 Nxc3 8.
bxc3 d6 9. Bd3 Nd7 10. O-O e5 11. Qc2 Nf6 12. Nd2 O-O 13. Rae1 Kh8 14. f4 Re8
15. e4 exf4 16. Rxf4 d5 17. e5 Nh5 18. Rf2 c5 19. cxd5 cxd4 20. cxd4 Rd8 21.
Ref1 Qh4 22. Nb3 Rxd5 23. Rxf7 Be6 24. Rf8+ Rxf8 25. Rxf8+ Bg8 26. Qc8 Qe1+ 27.
Bf1 Qe3+ 28. Kh1 Ng3+ 29. hxg3 Qh6+ 1-0

[Event "Moscow Open C University Men"]
[Site "Moscow RUS"]
[Date "2011.01.31"]
[Round "3.31"]
[White "Grinenko, Viktor"]
[Black "Koltunovsky, Evgeny"]
[Result "1-0"]
[WhiteElo "1981"]
[BlackElo "1806"]
[WhiteFideId "4110609"]
[BlackFideId "24101257"]
[EventDate "2011.01.29"]

1. d4 Nf6 2. c4 g6 3. Nc3 d5 4. cxd5 Nxd5 5. Bd2 Bg7 6. e4 Nb6 7. Be3 O-O 8. h3
Nc6 9. Nf3 f5 10. exf5 Bxf5 11. Be2 Kh8 12. O-O Nb4 13. Rc1 N4d5 14. Bg5 h6 15.
Bh4 Nf4 16. Bg3 Ne6 17. Qb3 c6 18. Rcd1 Nc7 19. Be5 Ncd5 20. Nxd5 Qxd5 21. Qe3
Kh7 22. Bxg7 Kxg7 23. Qxe7+ Rf7 24. Qe5+ Qxe5 25. dxe5 Re8 26. Bd3 Bxh3 27. Nh4
Bf5 28. Nxf5+ gxf5 29. f4 Na4 30. Be2 Rfe7 31. Bh5 Rf8 32. Rd6 Nxb2 33. Rf3 Nc4
34. Rg3+ Kh7 35. Rf6 Rg7 36. Rc3 Rfg8 37. Rxc4 Rxg2+ 38. Kf1 Rg1+ 39. Ke2 R8g2+
40. Ke3 Rh2 41. Bf7 b6 42. Rcxc6 Rg3+ 43. Kd4 Rd2+ 44. Kc4 Rxa2 45. Kd5 b5 46.
Bg6+ 1-0

[Event "Moscow Open C University Men"]
[Site "Moscow RUS"]
[Date "2011.02.01"]
[Round "4.1"]
[White "Nakhapetiane, Pogos"]
[Black "Evdokimov, Alexander A."]
[Result "1-0"]
[WhiteTitle "FM"]
[BlackTitle "GM"]
[WhiteElo "2469"]
[BlackElo "2551"]
[WhiteFideId "4166728"]
[BlackFideId "4139275"]
[EventDate "2011.01.29"]

1. e4 c6 2. d4 d5 3. Nc3 dxe4 4. Nxe4 Bf5 5. Ng3 Bg6 6. h4 h6 7. Nf3 Nd7 8. h5
Bh7 9. Bd3 Bxd3 10. Qxd3 e6 11. Bf4 Qa5+ 12. Bd2 Bb4 13. c3 Be7 14. c4 Qc7 15.
O-O-O Ngf6 16. Kb1 O-O 17. Qe2 b5 18. c5 a5 19. Nf1 Rfe8 20. g4 e5 21. dxe5 Bxc5
22. g5 hxg5 23. Bxg5 Nh7 24. Bf4 Ndf8 25. Ng3 Rad8 26. Nf5 Rxd1+ 27. Rxd1 Ne6
28. Bc1 Kh8 29. Be3 Bf8 30. Nd6 Rd8 31. Bb6 Qxb6 32. Nxf7+ Kg8 33. Nxd8 Nxd8 34.
e6 Be7 35. Rd7 Qc5 36. Qe5 Qxf2 37. Rxe7 Nf6 38. Qc3 Qe2 39. h6 gxh6 40. a3 Qd1+
41. Ka2 Qd5+ 42. b3 Qf5 43. Nd4 Qg4 44. Qd2 a4 45. Nf5 axb3+ 46. Kb2 1-0

[Event "Moscow Open C University Men"]
[Site "Moscow RUS"]
[Date "2011.02.01"]
[Round "4.2"]
[White "Reshetnikov, Alexey"]
[Black "Popov, Ivan RUS"]
[Result "0-1"]
[WhiteTitle "IM"]
[BlackTitle "GM"]
[WhiteElo "2478"]
[BlackElo "2609"]
[WhiteFideId "4162080"]
[BlackFideId "4170350"]
[EventDate "2011.01.29"]

1. Nf3 c5 2. e4 d6 3. d4 cxd4 4. Nxd4 Nf6 5. Nc3 g6 6. Be3 Bg7 7. f3 O-O 8. Qd2
Nc6 9. O-O-O Bd7 10. g4 Ne5 11. Kb1 Rc8 12. h4 Qa5 13. Nb3 Qd8 14. Nd4 a6 15. h5
Nxf3 16. Nxf3 Bxg4 17. Be2 Bxh5 18. Ng1 Ng4 19. Bxg4 Bxg4 20. Nge2 Bxc3 21. bxc3
Qa5 22. Rde1 Be6 23. Nc1 Qxc3 24. Qh2 h5 25. Nb3 Rc4 26. Bc1 Rfc8 27. Re2 Qe5
28. Qh4 Bg4 29. Bb2 Qe6 30. Re3 Rxc2 31. Qg5 R8c4 32. Rhe1 Kh7 33. Qf4 f6 34.
Qg3 g5 35. e5 Qf5 36. Ka1 dxe5 37. Nd4 Rxd4 38. Bxd4 h4 39. Qg1 exd4 40. Rxe7+
Kg6 41. Qxd4 Qa5 42. a4 Qc3+ 43. Qxc3 Rxc3 44. Kb2 Rf3 0-1